00430nam a2200169Ia 450000500170000000800410001702000150005808200210007324500290009426000400012330000150016365000160017865000130019465000120020770000230021970000180024220250129005730.0240331s9999 xx 000 0 und d a0822364646 bMUD24331a304.8 0aDiaspora and Immigration aDurhambDuke University Pressc1999 av, 334 p., aImmigration aDiaspora aHistory aMudimbe, V. Yeedt aEngel, Seedt